|
|
|
|
| LEADER |
00000nam0a2200000 4500 |
| 001 |
291705 |
| 005 |
20231102000421.0 |
| 020 |
|
|
|a RU
|b 84-15342
|
| 035 |
|
|
|a (RuTPU)RU\TPU\book\316288
|
| 090 |
|
|
|a 291705
|
| 100 |
|
|
|a 20150416d1984 k y0rusy5003 ca
|
| 101 |
0 |
|
|a rus
|
| 102 |
|
|
|a RU
|
| 105 |
|
|
|a a z 001zy
|
| 200 |
1 |
|
|a Тепловой режим конструкций полов
|f А. Г. Гиндоян
|
| 210 |
|
|
|a Москва
|c Стройиздат
|d 1984
|
| 215 |
|
|
|a 223 с.
|c ил.
|
| 225 |
1 |
|
|a Экономия топлива и электроэнергии
|
| 320 |
|
|
|a Библиогр.: с. 210-214
|
| 606 |
1 |
|
|a Ограждающие конструкции
|x Теплотехнический расчет
|2 stltpush
|3 (RuTPU)RU\TPU\subj\46756
|9 65870
|
| 610 |
1 |
|
|a полы
|
| 610 |
1 |
|
|a задачи
|
| 610 |
1 |
|
|a теплопроводность
|
| 610 |
1 |
|
|a теплообмен
|
| 610 |
1 |
|
|a теплопередача
|
| 610 |
1 |
|
|a источники тепла
|
| 610 |
1 |
|
|a эквивалентность
|
| 610 |
1 |
|
|a теплотехнические свойства
|
| 610 |
1 |
|
|a теплопотери
|
| 610 |
1 |
|
|a нормирование
|
| 675 |
|
|
|a 697.1
|v 4
|
| 700 |
|
1 |
|a Гиндоян
|b А. Г.
|g Андраник Геворкович
|
| 801 |
|
0 |
|a RU
|b RuMRKP
|c 19950704
|g psbo
|
| 801 |
|
1 |
|a RU
|b 63413507
|c 20150416
|
| 801 |
|
2 |
|a RU
|b 63413507
|c 20170713
|g RCR
|
| 942 |
|
|
|c BK
|